000 00762nam a22002297a 4500
005 20251108171944.0
008 250721s2002 xx 000 0 ara d
082 1 4 _a659.1/علا
100 1 _aالعلاق، بشير عباس
245 1 0 _aالترويج و الإعلان التجاري :
_bأسس و نظريات و تطبيقات /
264 1 _aعمان :
_bدار الياوزري للنشر،
_c2002.
300 _a424ص.
650 1 7 _aالإعلان التجاري
650 1 7 _aترويج المبيعات
650 1 7 _aالإعلانات الصحفية
650 1 7 _aأساليب التسويق
650 1 7 _aالدعاية
650 1 7 _aالتجارة
700 1 _aربابعة، علي محمد
942 _2ddc
_cBK
999 _c66834
_d66834